000 00646nam a2200241Ia 4500
008 160517s9999 xx 000 0 und d
020 _a971-871-105-8
050 _aFIL DS 668.A3
050 _b.A36 2006
100 _aAgoncillo, Teodoro A.
245 _aIntroduction to Filipino history /
245 _cTeodoro A. Agoncillo.
260 _aQuezon City:
260 _bGarotech Pub.,
260 _c2006
300 _a308 pages :
300 _billustrations ;
300 _c22 cm.
500 _aIncludes bibliographical references.
650 _aAsia -- Civilization.
650 _aAsia -- History.
650 _xAsia -- Culture.
999 _c294094
_d294094